Artificial intelligence marketing and predicting consumer choice <an> overview of tools and techniques

Na minha lista:
Detalhes bibliográficos
Autor principal: Struhl, Steven M.
Formato: Livro
Idioma:inglês
Publicado em: New York Kogan Page 2017
Assuntos:
Tags: Adicionar Tag
Sem tags, seja o primeiro a adicionar uma tag!

MARC

LEADER 00000nam a2200000 4500
001 0238267
005 20240221112558.6
020 |a 978-0-7494-7955-8 
041 0 |a eng 
044 |a US 
245 1 0 |a Artificial intelligence marketing and predicting consumer choice  |b <an> overview of tools and techniques  |c Steven Struhl 
264 1 |a New York  |b Kogan Page  |c 2017 
300 |a 254 s. 
610 2 0 |a výskum marketingový 
610 2 0 |a správanie spotrebiteľa 
610 2 0 |a rozhodovanie 
610 2 0 |a analýzy 
610 2 0 |a metódy 
610 2 0 |a technika obchodná 
610 2 0 |a nástroje marketingové 
610 2 0 |a inteligencia umelá 
610 2 0 |a prognózovanie 
610 2 0 |a trh 
100 1 |a Struhl, Steven M.